000 00889nam a22002417a 4500
003 BD-DhJNU
005 20250427074733.0
008 250427b |||||||| |||| 00| 0 eng d
020 _a9840515810
040 _aBD-DhJNU
_bENG
_cBD-DhJNU
_dBD-DhJNU
082 _223
_a331.45492 GLO
245 _aGlobalisation and gender :
_bchanging patterns of women's employment in Bangladesh /
_cedited by Rehman Sobhan and Nasreen Khundker
260 _aDhaka :
_bThe University Press,
_c2004.
300 _axxviii, 276p. :
_bill. ;
_c22 cm.
504 _aIncludes bibliographical references and index
650 _a Occupational training for women
_xBangladesh
650 _aWomen in rural development
_xBangladesh
650 _aGlobalization
650 _aWomen
_xEmployment
_y Bangladesh
700 _aSobhan, Rehman
_eeditor
700 _aKhundker, Nasreen
_eeditor
942 _2ddc
_cBK
_n0
999 _c1625
_d1625